Регионална библиотека "Любен Каравелов" - Русе

Китка за малките (Запис номер 142048)

MARC детайли
000 -Лидер
Контролно поле с фиксирана дължина 01596nam a2200349 c 4500
003 - Код на организацията, давaща контролен номер
Контролно поле BLK
005 - Дата и час на последна редакция
Контролно поле 20180422112358.0
008 - Елементи от данни с фиксирана дължина
fixed length control field 180409b bul|||||r ||||||| ||bul||
010 ## - Наследен системен номер
LC control number KNG00148124000
040 ## - Източник на каталожния запис
Идентификатор на билиотеката - собственик на записа BLK
041 ## - Код за език
Код за езика на текст/звукозапис или на отделно заглавие Български
Код за езика КДБФ Български
080 ## - УДК
Текстов определител УДК Българска литература
УДК код - определител по УДК 821.163.2
УДК определител -93-1
УДК - код + определител 821.163.2-93-1
100 1# - Редна дума - Автор
Автор Чичо Стоян
Авторска отговорност първи автор
Автор - информация (биография) Попов, Стоян Михайлов
R(LIN) 376387
139 ## - Редно поле
Редна дума Попов, Стоян Михайлов
Авторски знак Попов - П 76
245 10 - Сведения за заглавието
Заглавие Китка за малките
Подзаглавни данни Стихотворения за деца
Редно поле (дума) Чичо Стоян; подб. и предг. Николай Янков; худож. Магда Абазова; * Стоян Михайлов Попов.
257 ## - Страна на издаване
Страна на създаване/издаване България
260 ## - Област на издателските данни
-- София
Име на издателя, разпространителя и проч. Бълг. писател
Година на издаване 1965
Печатница София : ДПК Д. Благоев
300 ## - Физическа характеристика
Страници 171 с.
Илюстрации и др. с ил.
Размери/Мащаб 17 см
380 ## - Жанр
Жанр Детска худож. лит.
500 ## - Общи забележки
Забележка В кн. авт. означен Чичо Стоян. - Съдържа и за авт. - 8 100 тир.
653 ## - Ключова дума – ненормативна
Ключова дума стихотворения за деца
653 ## - Ключова дума – ненормативна
Ключова дума литература за деца
653 ## - Ключова дума – ненормативна
Ключова дума детска литература
700 1# - Други автори (авторска отговорност)
Лично име Янков, Николай
Автороска отговорност (Описва отношението между автора и произведението) подб. и предг.
9 (RLIN) 364665
700 1# - Други автори (авторска отговорност)
Лично име Абазова, Магда
Автороска отговорност (Описва отношението между автора и произведението) худож.
9 (RLIN) 367530
700 1# - Други автори (авторска отговорност)
Лично име Попов, Стоян Михайлов
Автороска отговорност (Описва отношението между автора и произведението) *
9 (RLIN) 372942
852 ## - Местоположение
Форматна сигнатура Цб І 34917
856 4# - Електронен адрес и достъп
Електронен формат pdf - файл
Път до файла /url/
856 4# - Електронен адрес и достъп
Електронен формат pdf - файл
Път до файла /url/
942 ## - АРТИКУЛИ
Вид на библиотечния материал Книги
Скрит в OPAC Не
944 ## - СЪЗДАВАНЕ И РЕДАКЦИЯ на ЗАПИСА
Създаване/Редакция Създаване
Дата на регистрацията/редакция 01.08.2013
Статус, дата на статуса ф / 01.08.2013
Служител, извършил регистрацията/редакцията Полина_Златанова
944 ## - СЪЗДАВАНЕ И РЕДАКЦИЯ на ЗАПИСА
Създаване/Редакция Редакция
Дата на регистрацията/редакция 26.09.2017
Статус, дата на статуса ф / 01.08.2013
Служител, извършил регистрацията/редакцията Вася_Ганчева
999 ## - СИСТЕМНИ КОНТРОЛНИ НОМЕРА
Koha biblionumber 142048
Koha biblioitemnumber 142048
Наличности
Код за отписване Код за изгубен артикул Източник на класификационната схема Код за повреда Коз за рестрикции Код за отдаване Артикулен № Име на библиотеката - собственик Име на библиотеката, в която се намира в момента Статус (Текущо местоположение) Дата на вписване в системата Местоположение - отдел Цена в лева Инвентарен номер Систематично азбучна сигнатура Баркод Номер на екземпляра Цена в евро Служебна бележка Служебен тип на артикула Бележка за публиката
Изтеглен Не е изгубен Universal Decimal Classification Не е повреден без рестрикции заемане за дома 234598 Регионална библиотека "Любен Каравелов" Русе Регионална библиотека "Любен Каравелов" Русе Детски отдел 1965-01-01 Детски отдел 0.51 1144/66 ДХ 886.7/П 76 900000103249 1 0.26 Дост: Pk Вид: Ф N: стар фонд Дата: 01.01.1965 Дата инв: 14.09.2015 Бележки инв: Д2015 Книги  
  Не е изгубен Universal Decimal Classification Не е повреден без рестрикции ползва се в читалня 234599 Регионална библиотека "Любен Каравелов" Русе Регионална библиотека "Любен Каравелов" Русе Хранилище 1965-01-01 Хранилище 0.51 852/66 Цб І 34917 900000022562 2 0.26 Дост: Dp Вид: Д N: стар фонд Дата: 01.01.1965 Книги  
Изтеглен Не е изгубен   Не е повреден без рестрикции заемане за дома 234600 Регионална библиотека "Любен Каравелов" Русе Регионална библиотека "Любен Каравелов" Русе   1965-01-01 Детски отдел 0.51 1141/66 ДХ 886.7/П 76 1141/66 3 0.26 Дост: Pk Вид: Ф N: стар фонд Дата: 01.01.1965 Дата инв: 09.09.2015 Бележки инв: Д2015 Книги Отч.N: 34/2017 , Дата: 05.09.2017
Изтеглен Не е изгубен   Не е повреден без рестрикции заемане за дома 234601 Регионална библиотека "Любен Каравелов" Русе Регионална библиотека "Любен Каравелов" Русе   1965-01-01 Детски отдел 1.40 633767 ДХ 886.7/П 76 633767 4 0.72 Дост: Pk Вид: Ф N: стар фонд Дата: 01.01.1965 Дата инв: 09.09.2015 Бележки инв: Д2015 Книги Отч.N: 28/2017 , Дата: 16.08.2017
Vip Innovations Ltd, Rousse, Bulgaria 2025